| 000 | 00405nam a2200145Ia 4500 | ||
|---|---|---|---|
| 008 | 230917s9999||||xx |||||||||||||| ||und|| | ||
| 040 |
_e171521 _aMAIN |
||
| 041 | _aEnglish | ||
| 082 | _a891.432741 PS169C | ||
| 100 | _aपंत सुभाष | ||
| 245 | 0 | _aचिडि़या की आख | |
| 260 |
_aदिल्ली _bशब्दकार _c1982 |
||
| 300 | _a102 पृ. p. | ||
| 942 | _cHN | ||
| 999 |
_c230774 _d230774 |
||